00592nam a2200205Ia 4500008004100000020001500041082003300056100002300089245001600112250001800128260005000146260002800196260000900224300001000233500004300243650005800286650001000344650001600354650001600370260312s9999 xx 000 0 und d a9506990204 a 320.983 P769a 1989 HNA aPolitzer, Patricia 0aAltamirano. a1a. edición aGrupo Editorial Zeta Ediciones Melquíades bBuenos Aires, Argentina c1989 a194p. aColección Humberto Nogueira Alcalá aAltamirano Orrego, Carlos, 1922- -- Entrevistas  aChile aEntrevistas aSocialismo